| 000 -LEADER |
| fixed length control field |
04391cam a22005178i 4500 |
| 001 - CONTROL NUMBER |
| control field |
21774119 |
| 003 - CONTROL NUMBER IDENTIFIER |
| control field |
NUST |
| 005 - DATE AND TIME OF LATEST TRANSACTION |
| control field |
20220825163432.0 |
| 006 - FIXED-LENGTH DATA ELEMENTS--ADDITIONAL MATERIAL CHARACTERISTICS |
| fixed length control field |
m |o d | |
| 007 - PHYSICAL DESCRIPTION FIXED FIELD--GENERAL INFORMATION |
| fixed length control field |
cr ||||||||||| |
| 008 - FIXED-LENGTH DATA ELEMENTS--GENERAL INFORMATION |
| fixed length control field |
201013s2021 nyu ob 001 0 eng |
| 010 ## - LIBRARY OF CONGRESS CONTROL NUMBER |
| LC control number |
2020019213 |
| 020 ## - INTERNATIONAL STANDARD BOOK NUMBER |
| International Standard Book Number |
9780698197961 |
| Qualifying information |
(ebook) |
| 020 ## - INTERNATIONAL STANDARD BOOK NUMBER |
| Canceled/invalid ISBN |
9781594206610 |
| Qualifying information |
(hardcover) |
| 040 ## - CATALOGING SOURCE |
| Original cataloging agency |
DLC |
| Language of cataloging |
eng |
| Transcribing agency |
DLC |
| Description conventions |
rda |
| 042 ## - AUTHENTICATION CODE |
| Authentication code |
pcc |
| 043 ## - GEOGRAPHIC AREA CODE |
| Geographic area code |
n-us-ny |
| -- |
n-us--- |
| 050 00 - LIBRARY OF CONGRESS CALL NUMBER |
| Classification number |
HG2613.N54 |
| 082 00 - DEWEY DECIMAL CLASSIFICATION NUMBER |
| Classification number |
332.1230973 |
| Edition number |
23 |
| Author Mark |
KAR |
| 100 1# - MAIN ENTRY--PERSONAL NAME |
| Personal name |
Karabell, Zachary, |
| Relator term |
author. |
| 9 (RLIN) |
97711 |
| 245 10 - TITLE STATEMENT |
| Title |
Inside money : |
| Remainder of title |
Brown Brothers Harriman and the American way of power |
| Statement of responsibility, etc. |
Zachary Karabell. |
| 260 ## - PUBLICATION, DISTRIBUTION, ETC. |
| Place of publication, distribution, etc. |
New York : |
| Name of publisher, distributor, etc. |
Penguin Press, |
| Date of publication, distribution, etc. |
2021 |
| 263 ## - PROJECTED PUBLICATION DATE |
| Projected publication date |
2105 |
| 300 ## - PHYSICAL DESCRIPTION |
| Extent |
438p |
| 336 ## - CONTENT TYPE |
| Content type term |
text |
| Content type code |
txt |
| Source |
rdacontent |
| 337 ## - MEDIA TYPE |
| Media type term |
computer |
| Media type code |
c |
| Source |
rdamedia |
| 338 ## - CARRIER TYPE |
| Carrier type term |
online resource |
| Carrier type code |
cr |
| Source |
rdacarrier |
| 504 ## - BIBLIOGRAPHY, ETC. NOTE |
| Bibliography, etc. note |
Includes bibliographical references and index. |
| 505 0# - FORMATTED CONTENTS NOTE |
| Formatted contents note |
Coming to America -- The B&O -- Everybody is speculating -- Dreams of The Arctic -- A very Civil War -- A nice sense of commercial honor -- Nothing is impossible -- The Republic of Brown Brothers -- Saving money -- The tapped -- The business of America -- From the ashes -- "We were very hard workers" -- A call to service -- The wise men -- In the valley -- When is enough enough? |
| 520 ## - SUMMARY, ETC. |
| Summary, etc. |
"From an acclaimed historian and financial analyst, the first definitive history of the legendary private investment firm Brown Brothers Harriman - and through it, the rise to world power of the so-called American Establishment. Conspiracy theories have always swirled around Brown Brothers Harriman, and not without reason. Throughout the 19th century, when America was convulsed by a devastating financial panic every generation, Brown Brothers quietly went from strength to strength, propping up the US financial system at crucial moments and catalyzing successive booms, from the cotton trade and the steam ship to the railroad, while avoiding unwelcome attention. By the turn of the 20th century, Brown Brothers was at the heart of what was meant by the American Establishment. As America's reach extended beyond its shores, Brown Brothers was there, often working hand in glove with the State Department, as in Nicaragua in the 1910's, when the firm was essentially empowered to take over the country's economy. To the Browns, virtuousness was a given; in that spirit they supported the elite institutions that forged successive generations of leaders. When, during the Great Depression, Brown Brothers ensured their strength by merging with Averell Harriman's investment bank to form Brown Brothers Harriman, the die was cast for the role the firm would play on the world stage during World War 2 and thereafter. Its core leadership cadre, including Harriman, Robert Lovett, and Prescott Bush, all Skull and Bones men from Yale, played a central role in erecting the architecture of the postwar order, with the US dollar at its heart. In Inside Money, Zachary Karabell offers the first full and frank look inside this very private institution as a prime mover in the larger American story. Blessed with complete access to the company's archives and a thrillingly strong grasp of the bigger picture, Karabell has written in effect an x-ray film of American power from 1818 to the present"-- |
| Assigning source |
Provided by publisher. |
| 588 ## - SOURCE OF DESCRIPTION NOTE |
| Source of description note |
Description based on print version record and CIP data provided by publisher; resource not viewed. |
| 610 20 - SUBJECT ADDED ENTRY--CORPORATE NAME |
| Corporate name or jurisdiction name as entry element |
Brown Brothers & Company |
| General subdivision |
History. |
| 9 (RLIN) |
97712 |
| 610 20 - SUBJECT ADDED ENTRY--CORPORATE NAME |
| Corporate name or jurisdiction name as entry element |
Brown Brothers, Harriman & Co. |
| General subdivision |
History. |
| 9 (RLIN) |
97713 |
| 650 #0 - SUBJECT ADDED ENTRY--TOPICAL TERM |
| Topical term or geographic name entry element |
Private banks |
| Geographic subdivision |
New York (State) |
| -- |
New York |
| General subdivision |
History. |
| 9 (RLIN) |
97714 |
| 650 #0 - SUBJECT ADDED ENTRY--TOPICAL TERM |
| Topical term or geographic name entry element |
Private banks |
| Geographic subdivision |
United States |
| General subdivision |
History. |
| 9 (RLIN) |
97715 |
| 650 #0 - SUBJECT ADDED ENTRY--TOPICAL TERM |
| Topical term or geographic name entry element |
Investment banking |
| Geographic subdivision |
United States |
| General subdivision |
History. |
| 9 (RLIN) |
97716 |
| 650 #0 - SUBJECT ADDED ENTRY--TOPICAL TERM |
| Topical term or geographic name entry element |
Merchant banks |
| Geographic subdivision |
United States |
| General subdivision |
History. |
| 9 (RLIN) |
97717 |
| 650 #0 - SUBJECT ADDED ENTRY--TOPICAL TERM |
| Topical term or geographic name entry element |
Banks and banking |
| General subdivision |
Political aspects |
| Geographic subdivision |
United States |
| General subdivision |
History. |
| 9 (RLIN) |
97718 |
| 650 #0 - SUBJECT ADDED ENTRY--TOPICAL TERM |
| Topical term or geographic name entry element |
Capitalism |
| Geographic subdivision |
United States |
| General subdivision |
History. |
| 9 (RLIN) |
93668 |
| 651 #0 - SUBJECT ADDED ENTRY--GEOGRAPHIC NAME |
| Geographic name |
United States |
| General subdivision |
Economic conditions. |
| 9 (RLIN) |
12812 |
| 651 #0 - SUBJECT ADDED ENTRY--GEOGRAPHIC NAME |
| Geographic name |
United States |
| General subdivision |
Foreign economic relations. |
| 9 (RLIN) |
97719 |
| 776 08 - ADDITIONAL PHYSICAL FORM ENTRY |
| Relationship information |
Print version: |
| Main entry heading |
Karabell, Zachary. |
| Title |
Inside money |
| Place, publisher, and date of publication |
New York : Penguin Press, 2021. |
| International Standard Book Number |
9781594206610 |
| Record control number |
(DLC) 2020019212 |
| 906 ## - LOCAL DATA ELEMENT F, LDF (RLIN) |
| a |
7 |
| b |
cbc |
| c |
orignew |
| d |
1 |
| e |
ecip |
| f |
20 |
| g |
y-gencatlg |
| 942 ## - ADDED ENTRY ELEMENTS (KOHA) |
| Source of classification or shelving scheme |
|
| Koha item type |
Lincoln Corner |